[Event "Pavlodar op"]
[Site "Pavlodar"]
[Date "2012.12.01"]
[Round "2"]
[White "Povorotov, Oleg"]
[Black "Aitbayev, Aslan"]
[Result "0-1"]
[WhiteElo "2194"]
[BlackElo "2416"]
[PlyCount "66"]
[EventDate "2012.11.30"]
[EventType "swiss"]
[EventRounds "10"]
[EventCountry "KAZ"]
[SourceTitle "EXT 2014"]
[Source "ChessBase"]
[SourceDate "2013.11.20"]
[SourceVersion "1"]
[SourceVersionDate "2013.11.20"]
[SourceQuality "1"]

1. e4 c5 2. Nf3 e6 3. d3 Nc6 4. g3 g6 5. Bg2 Bg7 6. 0-0 Nge7 7. Nbd2 0-0 8. Re1 d6 9. c3 e5 10. Nc4 h6 11. Be3 Be6 12. Qd2 Kh7 13. Nh4 d5 14. exd5 Bxd5 15. Rad1 Bxg2 16. Nxg2 Qd5 17. f4 Rad8 18. fxe5 b5 19. Nf4 Qd7 20. Na3 Nxe5 21. Qg2 b4 22. Nc2 bxc3 23. bxc3 g5 24. Bxc5 gxf4 25. Bxe7 f3 26. Qf2 Qxe7 27. d4 Qd7 28. Ne3 Ng6 29. Qxf3 f5 30. Rb1 f4 31. Rb7 Qc8 32. Nd5 fxg3 33. Qe4 Qh3 0-1